| 000 | 00671cam a2200229Ia 4500 | ||
|---|---|---|---|
| 008 | |||
| 020 | _a0947568247 (pbk.) | ||
| 049 | _aMAIN | ||
| 090 | _aZ699.35.I35 TEX | ||
| 245 | 0 | 0 |
_aText retrieval : _ban introduction |
| 260 |
_aLondon : _bTaylor Graham, _c1987. |
||
| 300 |
_a 80 p. : _bill. ; _c24 cm. |
||
| 504 | _aIncludes bibliographies. | ||
| 650 | 0 | _aText processing (Computer science) | |
| 650 | 0 | _aInformation storage and retrieval systems. | |
| 700 | 1 | _aRowlands, Ian. | |
| 907 |
_a.b10066664 _b01-02-07 _c17-04-03 |
||
| 003 | |||
| 005 | 20230123133511.0 | ||
| 040 | _cNUST | ||
| 942 |
_cBOOKS _kZ699.35.I35 TEX |
||
| 999 |
_c149663 _d149663 |
||